Genshin: Sammelbares - Liyue - Statistiken

Allgemein
  • Dieses Quiz wurde 6 mal gespielt
  • Das Durchschnittsergebnis liegt bei 7 aus 12
Antwortstatistiken
Bildquiz Antwort % Korrekt
Cor Lapis
100%
Lotos
100%
Nachtjade
100%
Sternmuschel
100%
Bambussprosse
67%
Glaslilie
67%
Seidenblume
67%
Klarwasserjade
33%
Pferdeschwanz
33%
Qingxin
33%
Glasglöckchen
0%
Jueyun-Peperoni
0%
Keine übereinstimmenden Quizze gefunden
Verteilung der Resultate
Anzahl Personen mit jedem Resultat
Perzentil nach korrekt beantworteten Fragen
Ihre Resultats-Entwicklung
Sie haben dieses Quiz noch nicht gespielt